Anything but Egypt Quiz Stats

Quiz Updated Jun 20, 2016

Challenge
Share
Tweet
Embed
Score 0/24 Timer 05:00
106 Plays Today
Hint Answer % Correct
Begin with the letter 'E'Ethiopia
90.9%
Have a population above 50 Million (Africa)Ethiopia
90.9%
Have a population above 50 Million (Africa)South Africa
90.7%
Have coastline on the Mediterranean (Africa)Morocco
89%
Share a Border with IsraelJordan
88.5%
Share a Border with IsraelSyria
86.6%
Have coastline on the Mediterranean (Africa)Libya
86.5%
Have coastline on the Mediterranean (Africa)Algeria
85.1%
Begin with the letter 'E'Eritrea
84.7%
Begin with the letter 'E'Estonia
83.4%
Begin with the letter 'E'Ecuador
83.4%
Have a five-letter capital city ending with 'O'Ecuador (Quito)
83.3%
Hint Answer % Correct
Have a population above 50 Million (Africa)Nigeria
83.2%
Have coastline on the Mediterranean (Africa)Tunisia
82.4%
Share a Border with IsraelPalestine
81.4%
Share a Border with IsraelLebanon
81.3%
Were home to one of the Seven Wonders of the Ancient WorldIraq
78%
Were home to one of the Seven Wonders of the Ancient WorldGreece
74.5%
Were home to one of the Seven Wonders of the Ancient WorldTurkey
70.8%
Have a population above 50 Million (Africa)Democratic Republic of Congo
67.4%
Begin with the letter 'E'El Salvador
65.4%
Have a population above 50 Million (Africa)Tanzania
60.9%
Begin with the letter 'E'Equatorial Guinea
57.4%
Have a five-letter capital city ending with 'O'Japan (Tokyo)
37.4%

You're not logged in!

Compare scores with friends on all Sporcle quizzes.
Sign Up with Email
OR
Log In

You Might Also Like...

Show Comments

Extras

Top Quizzes Today


Score Distribution

Your Account Isn't Verified!

In order to create a playlist on Sporcle, you need to verify the email address you used during registration. Go to your Sporcle Settings to finish the process.